Mr pink-whistle stories and other stories / (Record no. 3174)

MARC details
000 -LEADER
fixed length control field 01214nam a22002417a 4500
001 - CONTROL NUMBER
control field 3174
003 - CONTROL NUMBER IDENTIFIER
control field FISKH
005 - DATE AND TIME OF LATEST TRANSACTION
control field 20240215121349.0
008 - FIXED-LENGTH DATA ELEMENTS--GENERAL INFORMATION
fixed length control field 240215b cb ||||| |||| 00| 0 eng d
020 ## - INTERNATIONAL STANDARD BOOK NUMBER
International Standard Book Number 9780753726563
040 ## - CATALOGING SOURCE
Original cataloging agency FISKH
Language of cataloging eng
Transcribing agency FISKH
Modifying agency FISKH
082 ## - DEWEY DECIMAL CLASSIFICATION NUMBER
Classification number 428.6
100 ## - MAIN ENTRY--PERSONAL NAME
Personal name Blyton, Enid
245 ## - TITLE STATEMENT
Title Mr pink-whistle stories and other stories /
Statement of responsibility, etc. Enid Blyton
260 ## - PUBLICATION, DISTRIBUTION, ETC.
Place of publication, distribution, etc. London :
Name of publisher, distributor, etc. Octopus,
Date of publication, distribution, etc. 2014.
300 ## - PHYSICAL DESCRIPTION
Extent 191 pages ;
Other physical details illustrations ;
Dimensions 20 cm
505 ## - FORMATTED CONTENTS NOTE
Formatted contents note M<br/>
520 ## - SUMMARY, ETC.
Summary, etc. Magic Mr Pink-Whistle is always around to help everyone out in this wonderful collection of stories by your favourite author. Watch him save the day by lending a helping hand during the charity conjuring show, stopping George and Harry fighting and saving a little girl from bullies with his powers. You'll love his cat Sooty, too! Other stories in this volume: Sooty Helps Mr Pink-Whistle Mr Pink-Whistle Is a Conjuror! Mr Pink-Whistle Goes to School Mr Pink-Whistle Gets a Laugh Josie, Click and Bun Give a Party Santa Claus Goes to Mr Pink-Whistle and many more...
521 8# - TARGET AUDIENCE NOTE
Target audience note 540<br/>
Source Lexile estimate <br/>
521 8# - TARGET AUDIENCE NOTE
Target audience note M<br/>
Source Raz-Plus<br/>
650 ## - SUBJECT ADDED ENTRY--TOPICAL TERM
Topical term or geographic name entry element Chapter Book
Form subdivision Fiction
942 ## - ADDED ENTRY ELEMENTS (KOHA)
Source of classification or shelving scheme Dewey Decimal Classification
Koha item type Books
Suppress in OPAC No
Holdings
Withdrawn status Lost status Source of classification or shelving scheme Damaged status Not for loan Collection Home library Current library Shelving location Date acquired Total Checkouts Full call number Barcode Date last seen Price effective from Koha item type
    Dewey Decimal Classification     Juvenile Fiction Footprints International School Library Network Toul Kork Campus Footprints International School Library Network Toul Kork Campus TK Primary Library Room(4th Floor), Bookcase 3&4, Shelves 17-32, Yellow Books 02/15/2024   BLY 428.6 2024-0083 02/15/2024 02/15/2024 Books